Normal view
MARC view
- فيشباخ، مايكل؛ ترجمة عصفور ، الفرد
Entry Personal Name
001 - CONTROL NUMBER
- control field: 47632
003 - CONTROL NUMBER IDENTIFIER
- control field: JO-AjAnu
005 - DATE AND TIME OF LATEST TRANSACTION
- control field: 20230606081848.0
008 - FIXED-LENGTH DATA ELEMENTS
- fixed length control field: 230606|| aca||aabn | a|a d
040 ## - CATALOGING SOURCE
- Original cataloging agency: JO-AjAnu
- Transcribing agency: JO-AjAnu
100 ## - HEADING--PERSONAL NAME
- Personal name: فيشباخ، مايكل؛ ترجمة عصفور ، الفرد
670 ## - SOURCE DATA FOUND
- Source citation: Work cat.: (JO-AjAnu)24374: فيشباخ، مايكل؛ ترجمة عصفور ، الفرد, author, عملية السلام ومطالبات اللاجئين الفلسطينيين دراسة في مطالبات تعويض الملكية وإعادة الممتلكات